000 00441 a2200169 4500
999 _c1448
_d1448
020 _a9780538797801
050 _aHB171.5 MEL 2011
100 _aMelvin, Michael
245 _aPrinciples of Economics
_cMichael Melvin
250 _a8th ed.
264 _aSydney
_bCengage
_c2011
300 _a802p.,
_bcol ill.
500 _aEconomics
650 _aEconomics
700 _aBoyes, William
942 _2olc
_cBK
_e8th ed.
_h171.5
_iMEL
_kHB